<?xml version="1.0" encoding="UTF-8"?>
<record
    xmlns:xsi="http://www.w3.org/2001/XMLSchema-instance"
    xsi:schemaLocation="http://www.loc.gov/MARC21/slim http://www.loc.gov/standards/marcxml/schema/MARC21slim.xsd"
    xmlns="http://www.loc.gov/MARC21/slim">

  <leader>01044cam5a220030100 4500</leader>
  <controlfield tag="001">zam00002030</controlfield>
  <controlfield tag="008">951128s1979    xx                  eng u</controlfield>
  <datafield tag="035" ind1=" " ind2=" ">
    <subfield code="a">(Sirsi) r19409</subfield>
  </datafield>
  <datafield tag="035" ind1=" " ind2=" ">
    <subfield code="a">(MACHINE)SLC.</subfield>
  </datafield>
  <datafield tag="100" ind1="1" ind2=" ">
    <subfield code="a">Datta, A.</subfield>
    <subfield code="6">A80280.1</subfield>
  </datafield>
  <datafield tag="245" ind1="1" ind2="0">
    <subfield code="a">Education and society with special reference to Africa.</subfield>
  </datafield>
  <datafield tag="260" ind1=" " ind2=" ">
    <subfield code="c">1979.</subfield>
  </datafield>
  <datafield tag="949" ind1=" " ind2=" ">
    <subfield code="a">DAT1-7EDU</subfield>
    <subfield code="w">lcc</subfield>
    <subfield code="i">-16990</subfield>
    <subfield code="m">MAIN</subfield>
    <subfield code="t">BOOK</subfield>
    <subfield code="l">ON-SHELF</subfield>
  </datafield>
  <datafield tag="949" ind1=" " ind2=" ">
    <subfield code="a">DAT1-7EDU</subfield>
    <subfield code="w">lcc</subfield>
    <subfield code="i">-16991</subfield>
    <subfield code="m">MAIN</subfield>
    <subfield code="t">BOOK</subfield>
    <subfield code="l">ON-SHELF</subfield>
  </datafield>
  <datafield tag="949" ind1=" " ind2=" ">
    <subfield code="a">DAT1-7EDU</subfield>
    <subfield code="w">lcc</subfield>
    <subfield code="i">-16992</subfield>
    <subfield code="m">MAIN</subfield>
    <subfield code="t">BOOK</subfield>
    <subfield code="l">ON-SHELF</subfield>
  </datafield>
  <datafield tag="949" ind1=" " ind2=" ">
    <subfield code="a">DAT1-7EDU</subfield>
    <subfield code="w">lcc</subfield>
    <subfield code="i">-16993</subfield>
    <subfield code="m">MAIN</subfield>
    <subfield code="t">BOOK</subfield>
    <subfield code="l">ON-SHELF</subfield>
  </datafield>
  <datafield tag="949" ind1=" " ind2=" ">
    <subfield code="a">DAT1-7EDU</subfield>
    <subfield code="w">lcc</subfield>
    <subfield code="i">-16994</subfield>
    <subfield code="m">MAIN</subfield>
    <subfield code="t">BOOK</subfield>
    <subfield code="l">ON-SHELF</subfield>
  </datafield>
  <datafield tag="949" ind1=" " ind2=" ">
    <subfield code="a">DAT1-7EDU</subfield>
    <subfield code="w">lcc</subfield>
    <subfield code="i">-16995</subfield>
    <subfield code="m">MAIN</subfield>
    <subfield code="t">BOOK</subfield>
    <subfield code="l">ON-SHELF</subfield>
  </datafield>
  <datafield tag="949" ind1=" " ind2=" ">
    <subfield code="a">DAT1-7EDU</subfield>
    <subfield code="w">lcc</subfield>
    <subfield code="i">-16996</subfield>
    <subfield code="m">MAIN</subfield>
    <subfield code="t">BOOK</subfield>
    <subfield code="l">ON-SHELF</subfield>
  </datafield>
  <controlfield tag="004">19409</controlfield>
  <datafield tag="591" ind1=" " ind2=" ">
    <subfield code="a">Class code: ED 210.</subfield>
  </datafield>
  <datafield tag="591" ind1=" " ind2=" ">
    <subfield code="a">Course: Education psychology and sociology.</subfield>
  </datafield>
  <datafield tag="591" ind1=" " ind2=" ">
    <subfield code="a">School: S03.</subfield>
  </datafield>
  <datafield tag="591" ind1=" " ind2=" ">
    <subfield code="a">Lecturer: Dr. MUYANGWA, M.</subfield>
  </datafield>
  <datafield tag="591" ind1=" " ind2=" ">
    <subfield code="a">Number of Students: 147.</subfield>
  </datafield>
  <datafield tag="900" ind1=" " ind2=" ">
    <subfield code="2">MAIN</subfield>
    <subfield code="8">DAT1-7EDU</subfield>
    <subfield code="c">7</subfield>
  </datafield>
  <datafield tag="909" ind1=" " ind2=" ">
    <subfield code="a">Reprint</subfield>
  </datafield>
  <datafield tag="999" ind1=" " ind2=" ">
    <subfield code="c">8260</subfield>
    <subfield code="d">8260</subfield>
  </datafield>
  <datafield tag="952" ind1=" " ind2=" ">
    <subfield code="0">0</subfield>
    <subfield code="1">0</subfield>
    <subfield code="2">lcc</subfield>
    <subfield code="4">0</subfield>
    <subfield code="7">0</subfield>
    <subfield code="a">MAIN</subfield>
    <subfield code="b">MAIN</subfield>
    <subfield code="c">SHORTLOAN</subfield>
    <subfield code="l">0</subfield>
    <subfield code="o">DAT1-7EDU</subfield>
    <subfield code="p">33729005189290</subfield>
    <subfield code="r">2019-08-12 00:00:00</subfield>
    <subfield code="t">1</subfield>
    <subfield code="w">2019-08-12</subfield>
    <subfield code="y">SHORTLOAN</subfield>
  </datafield>
  <datafield tag="952" ind1=" " ind2=" ">
    <subfield code="0">0</subfield>
    <subfield code="1">0</subfield>
    <subfield code="2">lcc</subfield>
    <subfield code="4">0</subfield>
    <subfield code="7">0</subfield>
    <subfield code="a">MAIN</subfield>
    <subfield code="b">MAIN</subfield>
    <subfield code="c">SHORTLOAN</subfield>
    <subfield code="l">0</subfield>
    <subfield code="o">DAT1-7EDU</subfield>
    <subfield code="p">33729000847553</subfield>
    <subfield code="r">2019-08-12 00:00:00</subfield>
    <subfield code="t">2</subfield>
    <subfield code="w">2019-08-12</subfield>
    <subfield code="y">SHORTLOAN</subfield>
  </datafield>
  <datafield tag="952" ind1=" " ind2=" ">
    <subfield code="0">0</subfield>
    <subfield code="1">0</subfield>
    <subfield code="2">lcc</subfield>
    <subfield code="4">0</subfield>
    <subfield code="7">0</subfield>
    <subfield code="a">MAIN</subfield>
    <subfield code="b">MAIN</subfield>
    <subfield code="c">SHORTLOAN</subfield>
    <subfield code="l">0</subfield>
    <subfield code="o">DAT1-7EDU</subfield>
    <subfield code="p">33729000847629</subfield>
    <subfield code="r">2019-08-12 00:00:00</subfield>
    <subfield code="t">3</subfield>
    <subfield code="w">2019-08-12</subfield>
    <subfield code="y">SHORTLOAN</subfield>
  </datafield>
  <datafield tag="952" ind1=" " ind2=" ">
    <subfield code="0">0</subfield>
    <subfield code="1">0</subfield>
    <subfield code="2">lcc</subfield>
    <subfield code="4">0</subfield>
    <subfield code="7">0</subfield>
    <subfield code="a">MAIN</subfield>
    <subfield code="b">MAIN</subfield>
    <subfield code="c">SHORTLOAN</subfield>
    <subfield code="l">0</subfield>
    <subfield code="o">DAT1-7EDU</subfield>
    <subfield code="p">33729000847611</subfield>
    <subfield code="r">2019-08-12 00:00:00</subfield>
    <subfield code="t">4</subfield>
    <subfield code="w">2019-08-12</subfield>
    <subfield code="y">SHORTLOAN</subfield>
  </datafield>
  <datafield tag="952" ind1=" " ind2=" ">
    <subfield code="0">0</subfield>
    <subfield code="1">0</subfield>
    <subfield code="2">lcc</subfield>
    <subfield code="4">0</subfield>
    <subfield code="7">0</subfield>
    <subfield code="a">MAIN</subfield>
    <subfield code="b">MAIN</subfield>
    <subfield code="c">SHORTLOAN</subfield>
    <subfield code="l">0</subfield>
    <subfield code="o">DAT1-7EDU</subfield>
    <subfield code="p">33729005189266</subfield>
    <subfield code="r">2019-08-12 00:00:00</subfield>
    <subfield code="t">8</subfield>
    <subfield code="w">2019-08-12</subfield>
    <subfield code="y">SHORTLOAN</subfield>
  </datafield>
  <datafield tag="952" ind1=" " ind2=" ">
    <subfield code="0">0</subfield>
    <subfield code="1">0</subfield>
    <subfield code="2">lcc</subfield>
    <subfield code="4">0</subfield>
    <subfield code="7">0</subfield>
    <subfield code="a">MAIN</subfield>
    <subfield code="b">MAIN</subfield>
    <subfield code="c">SHORTLOAN</subfield>
    <subfield code="l">0</subfield>
    <subfield code="o">DAT1-7EDU</subfield>
    <subfield code="p">33729005838011</subfield>
    <subfield code="r">2019-08-12 00:00:00</subfield>
    <subfield code="t">10</subfield>
    <subfield code="w">2019-08-12</subfield>
    <subfield code="y">SHORTLOAN</subfield>
  </datafield>
</record>
